| 000 | 00636nam a2200181Ia 4500 | ||
|---|---|---|---|
| 008 | 151202s9999||||xx |||||||||||||| ||und|| | ||
| 082 | _bPNVM-36646 | ||
| 100 | _aरेगे म.पु. | ||
| 245 | _aनवभारत-जाने85-फेब्रु 86. | ||
| 260 | _bनवभारत प्रज्ञा पाठशाळा मंडळ. | ||
| 260 | _c1986 | ||
| 300 | _a376 | ||
| 600 | _aरेगे म.पु. | ||
| 630 | _aनवभारत-जाने85-फेब्रु 86. | ||
| 700 | _aरेगे म.पु. | ||
| 730 | _aनवभारत-जाने85-फेब्रु 86. | ||
| 942 | _cBOOK | ||
| 999 |
_c1302598 _d1302595 |
||